Statistiques concernant Vendredi

Cliquez ici pour prendre le quiz!

Statistiques générales

  • Ce quiz a été pris 78 fois
  • Le résultat moyen est 5 sur 9

Statistiques - réponses

QuestionsRéponses% Correct
Le Vendredi _____ ou Grand-Vendredi, est celui de la semaine sainte auquel on commémore la Passion et Crucifixion de Jésus.Saint
85%
Le vendredi était généralement le jour de l'exécution des condamnés à mort dans la _____ antique.Rome
83%
Vendredi est le nom du compagnon de _________ _______ dans le roman de Daniel Defoe.Robinson Crusoé
72%
Le vendredi, en tant que jour de la mort du Christ, est considéré comme néfaste de manière général par les ______, qui préfèrent éviter de sortir en mer ce jour-là.Marins
60%
Traditionnellement le vendredi est considéré comme le _______ jour de la semaine.Sixième
58%
Le vendredi est le jour de la préparation du ______ pour les Juifs, fête qui commence la veille au soir du samedi.Chabbat
50%
Le nom vendredi vient du latin Veneris dies ce qui signifie « jour de _____ »Vénus
50%
Le vendredi est considéré comme le cinquième jour de la semaine par la numérotation ISO de ____ (année).1988
31%
Vendredi ou les Limbes du _______ est un roman de Michel Tournier inspiré de Robinson Crusoé. Il en a fait une version pour la jeunesse, Vendredi ou la vie sauvage.Pacifique
19%

Distribution des résultats

Percentile par nombre de réponses

% des personnes avec chaque résultat

Votre développement - résultats

Vous n’avez pas pris ce quiz